[Event "4NCL/Div2b/FCA1 vs. WWKS1"]
[Site "Hinckley Island ENG"]
[Date "2010.02.20"]
[Round "5.3"]
[White "Smith, Graham M"]
[Black "Hynes, AM (Tony)"]
[Result "1-0"]
[WhiteElo "2106"]
[BlackElo "2219"]
[PlyCount "65"]
[EventDate "2010.02.20"]
[SourceDate "2009.10.24"]

1. e4 e5 2. Nf3 Nc6 3. Bb5 f5 4. Nc3 Nd4 5. Ba4 Nf6 6. exf5 Bc5 7. Nxd4 exd4 8.
Qe2+ Be7 9. Ne4 O-O 10. Ng3 d5 11. O-O c5 12. c4 a6 13. Bb3 b5 14. d3 dxc4 15.
dxc4 b4 16. Re1 Bd6 17. Qf3 Rb8 18. Ba4 Qa5 19. b3 Qc7 20. Bc6 Rb6 21. Bd5+
Nxd5 22. cxd5 a5 23. Bd2 a4 24. Re2 Ra6 25. Rc1 axb3 26. axb3 Qb8 27. h4 Qa8
28. h5 Bb7 29. h6 Bxd5 30. Qg4 Ra7 31. Nh5 d3 32. Re3 c4 33. bxc4 {
Black overstepped the time limit} 1-0

[Event "4NCL/Div2b/FCA1 vs. WWKS1"]
[Site "Hinckley Island ENG"]
[Date "2010.02.20"]
[Round "5.4"]
[White "James, Russell A"]
[Black "Brown, Alan M"]
[Result "1/2-1/2"]
[WhiteElo "2224"]
[BlackElo "2118"]
[PlyCount "51"]
[EventDate "2010.02.20"]
[SourceDate "2009.10.24"]

1. e4 e6 2. d4 d5 3. Nd2 Nf6 4. Bd3 b6 5. c3 dxe4 6. Nxe4 Bb7 7. Qe2 Be7 8. Nf3
Nbd7 9. Bf4 O-O 10. O-O-O Nxe4 11. Bxe4 Bxe4 12. Qxe4 Nf6 13. Qc6 Nd5 14. Bg3
Bd6 15. Ne5 Qe8 16. c4 Ne7 17. Qxe8 Rfxe8 18. Rhe1 Rad8 19. Re3 c6 20. Red3 f6
21. Nf3 Ng6 22. Kc2 Rd7 23. Nd2 Red8 24. Ne4 Be7 25. Nc3 Bd6 26. Ne4 1/2-1/2

[Event "4NCL/Div2b/FCA1 vs. WWKS1"]
[Site "Hinckley Island ENG"]
[Date "2010.02.20"]
[Round "5.5"]
[White "Reuben, Stewart"]
[Black "Pitcher, John"]
[Result "1/2-1/2"]
[WhiteElo "2152"]
[BlackElo "2193"]
[PlyCount "81"]
[EventDate "2010.02.20"]
[SourceDate "2009.10.24"]

1. c4 c5 2. Nc3 Nf6 3. g3 e6 4. Bg2 Be7 5. d3 O-O 6. Nh3 Nc6 7. Nf4 d6 8. O-O
Rb8 9. a3 Bd7 10. Rb1 a6 11. b4 cxb4 12. axb4 b5 13. cxb5 axb5 14. e4 Qc7 15.
Nfe2 Rfc8 16. h3 Qd8 17. Be3 Be8 18. d4 d5 19. exd5 Nxd5 20. Nxd5 exd5 21. Qd2
Bd7 22. Nf4 Be6 23. Nd3 Bf5 24. Rb3 Bxd3 25. Qxd3 Nxb4 26. Qb1 Rc4 27. Rd1 Nc2
28. Rxb5 Rxb5 29. Qxb5 Nxe3 30. fxe3 Rc3 31. Rd3 Rxd3 32. Qxd3 Bd6 33. Bxd5
Bxg3 34. Qf5 Qc7 35. e4 Bh4 36. e5 Qc1+ 37. Qf1 Qxf1+ 38. Kxf1 Kf8 39. Ke2 Ke7
40. Kd3 f6 41. Ke4 1/2-1/2

[Event "4NCL/Div2b/FCA1 vs. WWKS1"]
[Site "Hinckley Island ENG"]
[Date "2010.02.20"]
[Round "5.6"]
[White "Clarke, Brandon GI"]
[Black "Borrowdale, Graham E"]
[Result "1-0"]
[WhiteElo "2058"]
[BlackElo "2074"]
[PlyCount "43"]
[EventDate "2010.02.20"]
[SourceDate "2009.10.24"]

1. d4 e6 2. e4 d5 3. e5 c5 4. c3 Nc6 5. Nf3 Nh6 6. a3 Nf5 7. b4 cxd4 8. cxd4
Be7 9. Nc3 O-O 10. h4 f6 11. g4 Nfxd4 12. Nxd4 Nxd4 13. Qxd4 fxe5 14. Qxe5 Bf6
15. Qg3 Qb6 16. Ra2 Qc6 17. Ne2 d4 18. Bg2 Qc4 19. Rd2 e5 20. g5 Be7 21. Qxe5
Be6 22. Rxd4 1-0

[Event "4NCL/Div2b/FCA1 vs. WWKS1"]
[Site "Hinckley Island ENG"]
[Date "2010.02.20"]
[Round "5.7"]
[White "Williamson, Kevin J"]
[Black "Baruch, Andrew JD"]
[Result "0-1"]
[WhiteElo "2045"]
[BlackElo "2089"]
[PlyCount "116"]
[EventDate "2010.02.20"]
[SourceDate "2009.10.24"]

1. d4 g6 2. e4 Bg7 3. Nc3 d6 4. Bc4 Nf6 5. Qe2 e5 6. dxe5 dxe5 7. Nf3 Nc6 8.
O-O O-O 9. Rd1 Nd4 10. Nxd4 exd4 11. Bg5 h6 12. Bxf6 Qxf6 13. Nd5 Qd8 14. Nf4
Qg5 15. g3 Kh7 16. h4 Qe5 17. Nd3 Qe7 18. Re1 Bd7 19. e5 Rae8 20. h5 b5 21. Bd5
Qg5 22. hxg6+ fxg6 23. Kg2 c5 24. f4 Qf5 25. Rh1 c4 26. Nc5 Bxe5 27. Be4 Bd6
28. Qf3 Qxc5 29. Rh5 Bc6 30. Bxc6 Qxh5 31. g4 Qc5 32. Bxe8 Rxe8 33. Rh1 Re3 34.
Qb7+ Qc7 35. Qd5 Qe7 36. Qxd4 Qe4+ 37. Qxe4 Rxe4 38. Rd1 Bc5 39. Rd7+ Re7 40.
Rd5 Bb6 41. Rxb5 Re2+ 42. Kf3 Rxc2 43. Ke4 c3 44. bxc3 Rxc3 45. f5 Rc5 46. Rb4
gxf5+ 47. gxf5 Kg7 48. Rb3 Kf6 49. Rh3 Re5+ 50. Kd3 Re3+ 51. Rxe3 Bxe3 52. Kxe3
Kxf5 53. Kf3 a5 54. a4 Ke5 55. Kg4 Kd4 56. Kh5 Kc4 57. Kxh6 Kb4 58. Kg5 Kxa4
0-1

[Event "4NCL/Div2b/FCA1 vs. WWKS1"]
[Site "Hinckley Island ENG"]
[Date "2010.02.20"]
[Round "5.8"]
[White "Fishburne, Stewart K"]
[Black "Shields, Callum T"]
[Result "1-0"]
[WhiteElo "2106"]
[BlackElo "1530"]
[PlyCount "65"]
[EventDate "2010.02.20"]
[SourceDate "2009.10.24"]

1. e4 e5 2. Nf3 Nc6 3. Bb5 Nge7 4. O-O b6 5. c3 Bb7 6. d4 a6 7. Bxc6 Nxc6 8. d5
Ne7 9. Nxe5 f6 10. Nd3 f5 11. f3 g6 12. c4 Bg7 13. Bg5 h6 14. Bxe7 Qxe7 15.
exf5 O-O-O 16. fxg6 Qh4 17. Nc3 Qxc4 18. Rc1 Bxd5 19. Nxd5 Qxd5 20. Qc2 c6 21.
Rfd1 a5 22. b4 Qd4+ 23. Kh1 axb4 24. Qa4 b5 25. Qa5 Kb8 26. Nc5 Kc8 27. Qa7
Qxc5 28. Qxc5 Kb7 29. Qe7 Rhg8 30. Rxd7+ Rxd7 31. Qxd7+ Kb6 32. Rxc6+ Ka5 33.
Qa7# 1-0

[Event "4NCL/Div2b/CHED vs. PPA2"]
[Site "Hinckley Island ENG"]
[Date "2010.02.20"]
[Round "5.1"]
[White "Arkell, Keith C"]
[Black "Rosen, Daniel B"]
[Result "1-0"]
[WhiteElo "2462"]
[BlackElo "2145"]
[PlyCount "71"]
[EventDate "2010.02.20"]
[SourceDate "2009.10.24"]

1. d4 f5 2. Bg5 Nf6 3. Bxf6 exf6 4. e3 Nc6 5. Ne2 g6 6. h4 h5 7. Nf4 Ne7 8. c4
c6 9. Nc3 Bh6 10. g3 d6 11. Bg2 Bxf4 12. gxf4 Be6 13. d5 cxd5 14. Bxd5 Bxd5 15.
Nxd5 Qa5+ 16. b4 Qd8 17. Nxf6+ Kf7 18. Nd5 Rc8 19. Qd4 Nc6 20. Qb2 Re8 21. Rc1
Re4 22. f3 Re6 23. Kf2 Ne7 24. Qd4 Nc6 25. Qd3 Qh8 26. Kg3 Qg7 27. Kh3 Kg8 28.
Rhg1 Kh7 29. Rg5 Rce8 30. b5 Nb8 31. Rcg1 Qf7 32. Qd4 b6 33. e4 Kh6 34. exf5
gxf5 35. Rg7 Qf8 36. Nc7 1-0

[Event "4NCL/Div2b/CHED vs. PPA2"]
[Site "Hinckley Island ENG"]
[Date "2010.02.20"]
[Round "5.2"]
[White "Winfridsson, Ola"]
[Black "Gormally, Daniel W"]
[Result "1/2-1/2"]
[WhiteElo "2133"]
[BlackElo "2479"]
[PlyCount "147"]
[EventDate "2010.02.20"]
[SourceDate "2009.10.24"]

1. d4 Nf6 2. c4 e6 3. Nc3 Bb4 4. Bg5 c5 5. d5 h6 6. Bh4 d6 7. e3 exd5 8. cxd5
Nbd7 9. Bd3 Bxc3+ 10. bxc3 Ne5 11. Bc2 Ng6 12. Bg3 Qe7 13. Ne2 O-O 14. O-O b6
15. Qd3 Re8 16. c4 h5 17. h3 h4 18. Bh2 Ne4 19. f3 Ng5 20. e4 Ba6 21. Nc3 Ne5
22. Bxe5 dxe5 23. f4 exf4 24. Rxf4 Qe5 25. Raf1 Qd4+ 26. Qxd4 cxd4 27. Nb5 Bxb5
28. cxb5 Rac8 29. R1f2 Rc3 30. d6 Rc5 31. Bb3 Rd8 32. e5 Rxe5 33. Rxd4 Rxb5 34.
d7 Re5 35. Rc2 Kf8 36. Rc7 Re4 37. Rd5 Ne6 38. Rxa7 Nc5 39. Bd1 Ke7 40. Bf3 Re6
41. Bg4 Rd6 42. Re5+ Ne6 43. Rh5 g6 44. Rxh4 Rd4 45. Rh7 Ng5 46. Rh6 Rc4 47.
Rb7 Kf6 48. h4 Ne4 49. Rh7 Nc5 50. Rxb6+ Ke7 51. Bh3 Nxd7 52. Rb7 Rd4 53. h5
Kf6 54. Rxd7 R8xd7 55. Bxd7 Rxd7 56. hxg6 Kxg6 57. Rh3 Ra7 58. a3 f5 59. Rd3
Kf6 60. Kf2 Ke5 61. Kf3 Ra4 62. g3 Ra8 63. Re3+ Kf6 64. Ke2 Kg5 65. Kd2 f4 66.
gxf4+ Kxf4 67. Rc3 Ke4 68. Kc2 Kd4 69. Rb3 Ra5 70. Rh3 Kc4 71. Rh4+ Kb5 72. Kb3
Ka6 73. Rh6+ Kb7 74. Kb4 1/2-1/2

[Event "4NCL/Div2b/CHED vs. PPA2"]
[Site "Hinckley Island ENG"]
[Date "2010.02.20"]
[Round "5.3"]
[White "Eggleston, David J"]
[Black "Kemp, Paul R"]
[Result "1-0"]
[WhiteElo "2367"]
[BlackElo "2109"]
[PlyCount "79"]
[EventDate "2010.02.20"]
[SourceDate "2009.10.24"]

1. e4 c6 2. d4 d5 3. e5 c5 4. c4 Nc6 5. Nf3 cxd4 6. Nxd4 e6 7. Nc3 Bb4 8. Nxc6
bxc6 9. Qa4 Bxc3+ 10. bxc3 Ne7 11. Ba3 O-O 12. Bd3 f6 13. Qb4 Rf7 14. exf6 gxf6
15. O-O Ba6 16. Rad1 Rb8 17. Qa4 Qc8 18. cxd5 Bxd3 19. dxe6 Qxe6 20. Rxd3 Qxa2
21. Qxa7 Rb5 22. Rg3+ Rg5 23. Qb8+ Rf8 24. Qd6 Ng6 25. Bc5 Qe2 26. Qxc6 Rf7 27.
Bd4 Qe7 28. Ra1 Ra5 29. Rf1 Rg5 30. Qa8+ Rf8 31. Qa2+ Qf7 32. Qd2 Qd5 33. f4
Rxg3 34. hxg3 Ra8 35. Qe3 Ra2 36. Qf3 Qf5 37. g4 Qc2 38. Qd5+ Kg7 39. Qb7+ Kf8
40. Bxf6 1-0

[Event "4NCL/Div2b/CHED vs. PPA2"]
[Site "Hinckley Island ENG"]
[Date "2010.02.20"]
[Round "5.4"]
[White "Hutchinson, Norman A"]
[Black "Hawkins, Jonathan"]
[Result "0-1"]
[WhiteElo "2092"]
[BlackElo "2383"]
[PlyCount "106"]
[EventDate "2010.02.20"]
[SourceDate "2009.10.24"]

1. e4 e5 2. Nf3 d6 3. d4 exd4 4. Nxd4 Nf6 5. Nc3 Be7 6. Bc4 O-O 7. O-O Nxe4 8.
Nxe4 d5 9. Bd3 dxe4 10. Bxe4 Re8 11. Qd3 g6 12. Bf4 Na6 13. Bf3 c5 14. Nb5 Qxd3
15. cxd3 g5 16. Be5 Rd8 17. Rad1 g4 18. Be2 Be6 19. b3 f6 20. Bb2 f5 21. d4 Bf7
22. Bd3 f4 23. Rfe1 Bf6 24. Re4 Bg5 25. Re5 h6 26. Be2 g3 27. Bf3 gxf2+ 28.
Kxf2 Rd7 29. Bg4 Rdd8 30. Bf3 Nb4 31. Rxc5 Nxa2 32. d5 Nb4 33. d6 Bxb3 34. Rd4
Nc6 35. Rd3 Bf7 36. d7 Rab8 37. Bc3 Be7 38. Rf5 Bg6 39. Bd5+ Kh7 40. Be4 Bxf5
41. Bxf5+ Kg8 42. Be6+ Kf8 43. Rd5 Bg5 44. Bg4 a6 45. Nd6 Ne7 46. Rc5 b6 47.
Rc4 Nd5 48. Nc8 Ne3 49. Bb4+ Kg7 50. Bc3+ Kh7 51. Be2 Nxc4 52. Bd3+ Kg8 53.
Bxc4+ Kf8 0-1

[Event "4NCL/Div2b/CHED vs. PPA2"]
[Site "Hinckley Island ENG"]
[Date "2010.02.20"]
[Round "5.5"]
[White "Bellin, Robert"]
[Black "Doci, Stefan"]
[Result "1/2-1/2"]
[WhiteElo "2373"]
[BlackElo "2071"]
[PlyCount "45"]
[EventDate "2010.02.20"]
[SourceDate "2009.10.24"]

1. d4 c6 2. Nf3 Nf6 3. c4 d5 4. e3 Bg4 5. h3 Bxf3 6. Qxf3 e6 7. Nc3 Bb4 8. Bd2
O-O 9. Bd3 Nbd7 10. a3 Be7 11. cxd5 exd5 12. O-O Re8 13. b4 Nb6 14. Rfc1 a6 15.
Be1 Bd6 16. Qd1 Qe7 17. Rab1 Rac8 18. Qb3 Bb8 19. Bf1 Qd6 20. g3 h5 21. h4 Ng4
22. Nd1 Nd7 23. f3 1/2-1/2

[Event "4NCL/Div2b/CHED vs. PPA2"]
[Site "Hinckley Island ENG"]
[Date "2010.02.20"]
[Round "5.6"]
[White "McCorry, Robert T"]
[Black "Wallace, Paul A"]
[Result "0-1"]
[WhiteElo "2061"]
[BlackElo "2234"]
[PlyCount "80"]
[EventDate "2010.02.20"]
[SourceDate "2009.10.24"]

1. d4 Nf6 2. c4 g6 3. Nf3 Bg7 4. g3 O-O 5. Bg2 d6 6. O-O Nc6 7. Nc3 a6 8. e4
Rb8 9. d5 Na5 10. Qe2 Nd7 11. Be3 c5 12. Rac1 b5 13. cxb5 axb5 14. Nd2 b4 15.
Nd1 b3 16. axb3 Nxb3 17. Nxb3 Rxb3 18. Rc2 Ne5 19. Rc3 Qb6 20. Qc2 Rb4 21. Bd2
Ba6 22. Re1 Nc4 23. Rf3 Nxd2 24. Qxd2 Bxb2 25. Nxb2 Rxb2 26. Qc3 Rb1 27. e5
Rxe1+ 28. Qxe1 dxe5 29. Re3 f6 30. f4 Qb4 31. fxe5 fxe5 32. Rxe5 Qxe1+ 33. Rxe1
Kf7 34. Kf2 Rb8 35. Bf1 Bxf1 36. Rxf1 Kf6 37. Ke3+ Ke5 38. Rf7 Rb3+ 39. Kf2
Rb2+ 40. Kg1 c4 0-1

[Event "4NCL/Div2b/CHED vs. PPA2"]
[Site "Hinckley Island ENG"]
[Date "2010.02.20"]
[Round "5.7"]
[White "Jackson, Sheila"]
[Black "McMahon, Paul"]
[Result "1/2-1/2"]
[WhiteElo "2160"]
[BlackElo "2043"]
[PlyCount "62"]
[EventDate "2010.02.20"]
[SourceDate "2009.10.24"]

1. e4 d5 2. exd5 Qxd5 3. Nc3 Qd6 4. d4 Nf6 5. Bc4 a6 6. Nge2 Qc6 7. Bb3 Qxg2 8.
Rg1 Qxh2 9. Bf4 Qh5 10. Bxc7 g6 11. Qd3 Bg7 12. O-O-O Bf5 13. Qg3 Nbd7 14. Rh1
Qg4 15. Qe3 Be4 16. Rh3 Rc8 17. Rg1 Qxh3 18. Qxh3 Rxc7 19. Qh2 Rc8 20. Nxe4
Nxe4 21. Bd5 Nd6 22. c3 Nf6 23. Bb3 O-O 24. Nf4 Nf5 25. Kb1 Rc6 26. Rh1 Bh6 27.
f3 Bxf4 28. Qxf4 Rd6 29. Bc2 Ng7 30. Qh6 Nfh5 31. f4 Rf6 1/2-1/2

[Event "4NCL/Div2b/CHED vs. PPA2"]
[Site "Hinckley Island ENG"]
[Date "2010.02.20"]
[Round "5.8"]
[White "Redman, David J"]
[Black "Bennett, Patrick J"]
[Result "0-1"]
[WhiteElo "1866"]
[BlackElo "2087"]
[PlyCount "140"]
[EventDate "2010.02.20"]
[SourceDate "2009.10.24"]

1. e4 g6 2. Nf3 Bg7 3. d4 d6 4. c3 Nf6 5. Qc2 O-O 6. Bg5 Qe8 7. Bd3 e5 8. O-O
Nc6 9. d5 Ne7 10. Ne1 Nh5 11. Na3 a6 12. Be2 Nf4 13. Bxf4 exf4 14. Nd3 Bh6 15.
Rae1 g5 16. h3 Ng6 17. Bh5 Bg7 18. Bxg6 fxg6 19. Nc4 Qf7 20. f3 a5 21. b4 axb4
22. cxb4 Bd7 23. Na5 Bb5 24. a4 Bxd3 25. Qxd3 b6 26. Nc6 Rxa4 27. Qb5 Raa8 28.
e5 dxe5 29. Nxe5 Qf5 30. Nc6 Kh8 31. Ne7 Qc2 32. Rc1 Qb2 33. Rb1 Qd4+ 34. Kh1
Ra2 35. d6 Qd2 36. Qxg5 Qxd6 37. Qd5 Rd2 38. Qxd6 Rxd6 39. Rbc1 Rd7 40. Nc6 g5
41. Rfd1 Rdf7 42. Rd5 h6 43. Rcd1 Kh7 44. Rd7 Kg6 45. Ne7+ Kh5 46. Rxc7 Be5 47.
Rcd7 Ra8 48. Nc6 Rxd7 49. Rxd7 Ra1+ 50. Kh2 Bc3 51. g4+ Kh4 52. Rd3 Ra2+ 53.
Kg1 Kg3 54. Kf1 Rf2+ 55. Kg1 Rxf3 56. Rxf3+ Kxf3 57. b5 Kg3 58. Ne7 Kxh3 59.
Nf5 Kxg4 60. Nxh6+ Kf3 61. Nf7 g4 62. Ng5+ Ke3 63. Kf1 f3 64. Ne6 g3 65. Kg1 g2
66. Ng5 Be1 67. Nh3 Bg3 68. Ng5 Bf2+ 69. Kh2 g1=Q+ 70. Kh3 Qg3# 0-1